000 00365pab a2200145 454500
008 180718b1991 xxu||||| |||| 00| 0 eng d
100 _aMugekar, B.L.
245 _aDr. Ambedkar on India's agrarian problems
260 _c1991
300 _a9-13
362 _a14 Apr.
650 _aAmbedkar, B.R. - Criticism And Interpretation
773 _aJanata
909 _a3947
999 _c3947
_d3947